Quantum physics of atoms, molecules, solids, nuclei, and particles / (Record no. 1631)

MARC details
000 -LEADER
fixed length control field 01237nac a22003251i 4500
003 - CONTROL NUMBER IDENTIFIER
control field EG-ScBUE
005 - DATE AND TIME OF LATEST TRANSACTION
control field 20250601084148.0
008 - FIXED-LENGTH DATA ELEMENTS--GENERAL INFORMATION
fixed length control field 250408t1985 nyua f 001 0 eng d
020 ## - INTERNATIONAL STANDARD BOOK NUMBER
International Standard Book Number 047187373X
020 ## - INTERNATIONAL STANDARD BOOK NUMBER
International Standard Book Number 9780471873730
040 ## - CATALOGING SOURCE
Original cataloging agency EG-ScBUE
Language of cataloging eng
Description conventions rda
Transcribing agency EG-ScBUE
Modifying agency EG-ScBUE
082 04 - DEWEY DECIMAL CLASSIFICATION NUMBER
Classification number 530.12
Item number EIS
Edition number 22
100 1# - MAIN ENTRY--PERSONAL NAME
Personal name Eisberg, Robert Martin,
Relator term author.
245 10 - TITLE STATEMENT
Title Quantum physics of atoms, molecules, solids, nuclei, and particles /
Statement of responsibility, etc Robert Eisberg, University of California, Santa Barbara, Robert Resnick, Rensselaer Polytechnic Institute.
250 ## - EDITION STATEMENT
Edition statement Second edition.
264 #1 - PUBLICATION, DISTRIBUTION, ETC. (IMPRINT)
Place of publication, distribution, etc New York :
Name of publisher, distributor, etc John Wiley & Sons,
Date of publication, distribution, etc [1985]
264 #4 - PUBLICATION, DISTRIBUTION, ETC. (IMPRINT)
Date of publication, distribution, etc c1985
300 ## - PHYSICAL DESCRIPTION
Extent 1 volume (various pagings) :
Other physical details illustrations ;
Dimensions 27 cm
336 ## - CONTENT TYPE
Source rdacontent
Content type term text
Content type code txt
337 ## - MEDIA TYPE
Media type term unmediated
Source rdamedia
Media type code n
338 ## - CARRIER TYPE
Carrier type term volume
Carrier type code nc
Source rdacarrier
500 ## - GENERAL NOTE
General note Includes index.
500 ## - GENERAL NOTE
General note Includes Appendices.<br/>
650 #7 - SUBJECT ADDED ENTRY--TOPICAL TERM
Topical term or geographic name as entry element Quantum theory.
Source of heading or term BUEsh
655 ## - INDEX TERM--GENRE/FORM
Form subdivision Reading book
700 1# - ADDED ENTRY--PERSONAL NAME
Personal name Resnick, Robert,
Dates associated with a name 1923-
Relator term author.
856 42 - ELECTRONIC LOCATION AND ACCESS
Materials specified Publisher description
Uniform Resource Identifier <a href="http://www.loc.gov/catdir/description/wiley031/84010444.html">http://www.loc.gov/catdir/description/wiley031/84010444.html</a>
856 42 - ELECTRONIC LOCATION AND ACCESS
Materials specified Table of Contents
Uniform Resource Identifier <a href="http://www.loc.gov/catdir/toc/onix01/84010444.html">http://www.loc.gov/catdir/toc/onix01/84010444.html</a>
942 ## - ADDED ENTRY ELEMENTS (KOHA)
Koha item type Book - Borrowing
Source of classification or shelving scheme Dewey Decimal Classification
Holdings
Withdrawn status Lost status Source of classification or shelving scheme Damaged status Not for loan Collection code Home library Current library Shelving location Date acquired Source of acquisition Total Checkouts Full call number Barcode Date last seen Price effective from Koha item type Total Renewals Date checked out
    Dewey Decimal Classification     Baccah Central Library Central Library First floor 21/11/2006 Purchase 10 530.12 EIS 000002710 15/07/2025 21/11/2006 Book - Borrowing    
    Dewey Decimal Classification     Baccah Central Library Central Library First floor 21/11/2006 Purchase   530.12 EIS 000002709 15/07/2025 21/11/2006 NB - Book (Non borrowing)    
    Dewey Decimal Classification     Baccah Central Library Central Library First floor 21/11/2006 Purchase 7 530.12 EIS 000005781 15/07/2025 20/09/2007 Book - Borrowing    
    Dewey Decimal Classification     Baccah Central Library Central Library First floor 21/11/2006 Purchase 1 530.12 EIS 000005780 15/07/2025 20/09/2007 Book - Borrowing    
    Dewey Decimal Classification     Baccah Central Library Central Library First floor 21/11/2006 Purchase 3 530.12 EIS 000006175 15/07/2025 20/09/2007 Book - Borrowing 5 12/07/2012